000
002690000a22000970004500
100
1
_a
Barrett, C. K. (Charles Kingley) (1917-)
245
1
0
_a
The first New Testament
300
_a
Vol. 38, Num. 2 (Abril, 1996), Páginas 94-104
773
0
_t
Novum Testamentum
942
_c
ANA
999
_c
56905
_d
56905